MRP II: making it happen : the implementers' guide to success with manufacturing resource planning. / (Record no. 1973)
[ view plain ]
| 000 -LEADER | |
|---|---|
| fixed length control field | 01345nam a22001817a 4500 |
| 008 - FIXED-LENGTH DATA ELEMENTS--GENERAL INFORMATION | |
| fixed length control field | 120813t xxu||||| |||| 00| 0 eng d |
| 050 ## - LIBRARY OF CONGRESS CALL NUMBER | |
| Classification number | TS 176.W14 |
| 100 ## - MAIN ENTRY--PERSONAL NAME | |
| Personal name | Wallace, Thomas F. |
| 245 ## - TITLE STATEMENT | |
| Title | MRP II: making it happen : the implementers' guide to success with manufacturing resource planning. / |
| Statement of responsibility, etc. | Thomas F. Wallace |
| 250 ## - EDITION STATEMENT | |
| Edition statement | 2nd ed. |
| 260 ## - PUBLICATION, DISTRIBUTION, ETC. | |
| Place of publication, distribution, etc. | New York: |
| Name of publisher, distributor, etc. | John Wiley, |
| Date of publication, distribution, etc. | 1990. |
| 300 ## - PHYSICAL DESCRIPTION | |
| Extent | xiv, 314 p.: |
| Dimensions | 24cm. |
| 500 ## - GENERAL NOTE | |
| General note | Includes index. |
| 505 ## - FORMATTED CONTENTS NOTE | |
| Formatted contents note | Content: Introduction: Manufacturing resource planning -- The Implementation challenge -- Company - Wide Implementatio: Company-wide implementation - Overview -- Project launch part I -- Project launch part II -- Initial education -- Process definition and improvement -- Software -- Going on the air -- Going on the air -- Quick - Slice Implementation: Quick-slice MRP - Overview -- Quick-slice MRP - implementation -- Ongoing Operation: Operating MRP II -- Appendix A: The Fundamentals of manufacturing resource planning and just-in time/ total quality control -- Appendix B: Job shop versus flow shop -- Appendix C: MRP II implementation plan - company wide -- Appendix D: Quick-slice MRP detailed implementation plan -- Appendix E: Sources for additional information. |
| 650 ## - SUBJECT ADDED ENTRY--TOPICAL TERM | |
| Topical term or geographic name entry element | Production planning. |
| 650 ## - SUBJECT ADDED ENTRY--TOPICAL TERM | |
| Topical term or geographic name entry element | Manufacturing resource planning. |
| 942 ## - ADDED ENTRY ELEMENTS (KOHA) | |
| Source of classification or shelving scheme | Library of Congress Classification |
| Koha item type | Books |
| Withdrawn status | Lost status | Source of classification or shelving scheme | Damaged status | Not for loan | Home library | Current library | Shelving location | Date acquired | Total Checkouts | Full call number | Barcode | Date last seen | Copy number | Price effective from | Koha item type |
|---|---|---|---|---|---|---|---|---|---|---|---|---|---|---|---|
| Library of Congress Classification | WISCONSIN INTERNATIONAL UNIVERSITY COLLEGE, GHANA - MAIN LIBRARY | WISCONSIN INTERNATIONAL UNIVERSITY COLLEGE, GHANA - MAIN LIBRARY | General Stacks | 13/08/2012 | TS 176.W14 | 6064/12 | 13/08/2012 | 1 | 13/08/2012 | Books |
